00399nam a2200157Ia 4500008004100000020001500041041001200056082001600068100002000084245006600104250000800170260002100178300000800199650001600207700001800223221030s9999 xx 000 0 und d a8120305965 aEnglish a105.23bKer aB. W. Kernighan 4aThe C Programming Languagecby B. W. Kernighan, D. M. Ritchie a2nd bPHIaDelhic2006 a272 aBE Computer aD. M. Ritchie